01326nab a22002417a 4500999001500000003000400015005001700019008004100036040000700077100003800084245006500122300001500187500003700202505037800239505014600617650002800763650002000791650003500811650003400846650003500880773015600915942001301071 c5735d5735OSt20260101192531.0190514b xxu||||| |||| 00| 0 spa d cPJ 95064aFernández, María José13aDe planificaciones frustradas /cMaría José Fernández. ap. 100-107 aCita: TR LALEY AR/DOC/3254/2024. aSumario: I. Plataforma fáctica.— II. La planificación sucesoria.— III. Partición por ascendientes (por donación) vs. simples donaciones.— IV. La porción legítima hereditaria. Formación de la masa para su cálculo.— V. La decisión del tribunal. Su análisis.— VI. Obligación de juzgar con perspectiva de género.— VII. Reflexiones finales.  aFallo comentado: SC Mendoza, sala I ~ 05/08/2024 ~ Z., M. C. c. Z., J.A. y otros s/ acciones sucesorias s/ recurso extraordinario provincial. 09967aDERECHO DE FAMILIA 09888aSUCESIONES 094553aPARTICION DE LA HERENCIA 094044aPERSPECTIVA DE GÉNERO 091057aJURISPRUDENCIA APLICABLE0 0284493222dBuenos Aires : AbeledoPerrot, 1989-tDerecho de familia. Revista Interdisciplinaria de doctrina y jurisprudencia. Febrero 2025-I.z18511201 2udccANA